000 002360000a22000970004500
100 1 _aAthyal, Saphir
245 1 0 _aUntil all Asia hears
300 _aVol. 18, Núm 64 (1993), Páginas 12-14
773 0 _tWorld Evangelization
942 _cANA
999 _c57785
_d57785